Centroamérica: Balanza de pagos, 1978/

Guardat en:
Dades bibliogràfiques
Autor corporatiu: Consejo Monetario Centroamericano. Secretaría Ejecutiva
Format: Text
Idioma:Spanish
Publicat: Guatemala: CMC. Secretaría Ejecutiva
Etiquetes: Afegir etiqueta
Sense etiquetes, Sigues el primer a etiquetar aquest registre!

MARC

LEADER 00000 a a2200000 04500
001 19086
003 cru CIDCACS/IIS
005 20210310223557.0
008 210310b ||||| |||| 00| 0 spa d
040 |c cru CIDCACS/IIS 
090 |a 018300  
110 |a Consejo Monetario Centroamericano. Secretaría Ejecutiva  
245 |a Centroamérica:  |b  Balanza de pagos, 1978/  |c Consejo Monetario Centroamericano. Secretaría Ejecutiva  
260 |a Guatemala:   |b CMC. Secretaría Ejecutiva  
300 |a 129 página 
942 |2 z  |c LI 
999 |c 15303  |d 15303